[Event "BL2-Sued 2122"]
[Site "Germany"]
[Date "2022.05.14"]
[Round "5.7"]
[White "Schluchter, Steffen"]
[Black "Schwarzburger, Lothar"]
[Result "1-0"]
[WhiteElo "2060"]
[BlackElo "2183"]
[PlyCount "93"]
[EventDate "2022.03.05"]
[EventType "team-tourn"]
[EventRounds "10"]
[EventCountry "GER"]
[SourceTitle "EXT 2023"]
[Source "ChessBase"]
[SourceDate "2022.10.05"]
[SourceVersion "1"]
[SourceVersionDate "2022.10.05"]
[SourceQuality "1"]
[WhiteTeam "Worms"]
[BlackTeam "Stuttgart"]
[WhiteTeamCountry "GER"]
[BlackTeamCountry "GER"]

1. d4 d5 2. Bf4 e6 3. e3 Nf6 4. Nd2 Bd6 5. Bg3 0-0 6. Bd3 c5 7. c3 Nc6 8. Ngf3 Qe7 9. Ne5 Nd7 10. f4 f5 11. Ndf3 cxd4 12. exd4 Ndxe5 13. fxe5 Bc7 14. 0-0 Bd7 15. Bh4 Qe8 16. Qc2 Rc8 17. Kh1 Qh5 18. Qe2 h6 19. Be1 Ne7 20. c4 Bc6 21. Bb4 Rfe8 22. Bxe7 Rxe7 23. c5 g5 24. b4 Be8 25. a4 Bg6 26. a5 Rg7 27. b5 Bd8 28. b6 axb6 29. axb6 f4 30. Nd2 Qh4 31. Bxg6 Rxg6 32. Ra3 g4 33. Rxf4 Qg5 34. Qf2 Qe7 35. Rg3 Qg7 36. Ra3 h5 37. Qe2 Bg5 38. Rf2 Bh4 39. Rf4 Bg5 40. Rf2 Bh4 41. Rf1 Bg5 42. Ra7 Bxd2 43. Qxd2 Qd7 44. Qf2 g3 45. hxg3 Qg7 46. Ra3 Rg4 47. Rf3 1-0

[Event "Oberliga Sued W 1819"]
[Site "Germany"]
[Date "2018.11.11"]
[Round "2.7"]
[White "Biehl, Tim"]
[Black "Schluchter, Steffen"]
[Result "1/2-1/2"]
[WhiteElo "1972"]
[BlackElo "2133"]
[PlyCount "55"]
[EventDate "2018.10.21"]
[EventType "team-tourn"]
[EventRounds "9"]
[EventCountry "GER"]
[SourceTitle "EXT 2020"]
[Source "ChessBase"]
[SourceDate "2019.10.17"]
[SourceVersion "1"]
[SourceVersionDate "2019.10.17"]
[SourceQuality "1"]
[WhiteTeam "Saarbruecken SVG"]
[BlackTeam "Worms"]
[WhiteTeamCountry "GER"]
[BlackTeamCountry "GER"]

1. d4 Nf6 2. c4 c5 3. d5 e6 4. Nc3 exd5 5. cxd5 d6 6. Bf4 g6 7. h3 a6 8. a4 Bg7 9. Nf3 0-0 10. e3 Qc7 11. Nd2 Re8 12. Be2 Nbd7 13. 0-0 Ne5 14. Qb3 Rb8 15. Nc4 Nxc4 16. Qxc4 Bd7 17. a5 Bb5 18. Nxb5 axb5 19. Qxb5 Nxd5 20. Bg3 Be5 21. Bxe5 Rxe5 22. Rfc1 Qd8 23. Bf3 Nb4 24. Bxb7 Re7 25. a6 Nxa6 26. Rxa6 Rexb7 27. Qd3 Rb6 28. Rd1 1/2-1/2

[Event "Oberliga Sued W 1415"]
[Site "Germany"]
[Date "2014.12.07"]
[Round "4.4"]
[White "Schluchter, Steffen"]
[Black "Weller, Manuel"]
[Result "1/2-1/2"]
[WhiteElo "2192"]
[BlackElo "2203"]
[PlyCount "93"]
[EventDate "2014.09.21"]
[EventType "team-tourn"]
[EventRounds "9"]
[EventCountry "GER"]
[SourceTitle "EXT 2019"]
[Source "ChessBase"]
[SourceDate "2018.10.10"]
[SourceVersion "1"]
[SourceVersionDate "2018.10.10"]
[SourceQuality "1"]
[WhiteTeam "Worms"]
[BlackTeam "Schwarzenbach Caissa"]
[WhiteTeamCountry "GER"]
[BlackTeamCountry "GER"]

1. d4 Nf6 2. Nf3 e6 3. Bf4 b6 4. e3 Bb7 5. Bd3 Be7 6. h3 0-0 7. 0-0 c5 8. c3 cxd4 9. exd4 d6 10. Re1 Nbd7 11. Nbd2 Re8 12. Qc2 Bf8 13. Ng5 g6 14. Nde4 Nxe4 15. Nxe4 Nf6 16. Bg5 Be7 17. Nxf6+ Bxf6 18. Bxf6 Qxf6 19. Be4 Bxe4 20. Qxe4 d5 21. Qd3 Rec8 22. Qa6 Qe7 23. Re3 Rc4 24. Qb5 Qc7 25. h4 a6 26. Qb3 b5 27. a3 a5 28. Qd1 Qf4 29. g3 Qd6 30. h5 Rac8 31. Qf3 Qf8 32. Kg2 b4 33. axb4 axb4 34. Ra7 R4c7 35. Rxc7 Rxc7 36. Qf4 Rc8 37. h6 bxc3 38. bxc3 Rc6 39. g4 f6 40. g5 fxg5 41. Qxg5 Ra6 42. Rf3 Qd6 43. Rf6 Ra7 44. Qe3 Re7 45. Qf3 Qb8 46. Qd3 Qe8 47. Qe3 1/2-1/2

[Event "Oberliga Sued W 1112"]
[Site "Germany"]
[Date "2012.03.18"]
[Round "8"]
[White "Schluchter, Steffen"]
[Black "Haasler, Andreas"]
[Result "1-0"]
[WhiteElo "2155"]
[BlackElo "2263"]
[PlyCount "119"]
[EventDate "2011.09.25"]
[EventType "team-tourn"]
[EventRounds "9"]
[EventCountry "GER"]
[SourceTitle "EXT 2013"]
[Source "ChessBase"]
[SourceDate "2012.11.22"]
[SourceVersion "1"]
[SourceVersionDate "2012.11.22"]
[SourceQuality "1"]
[WhiteTeam "Mutterstadt"]
[BlackTeam "Heidesheim"]
[WhiteTeamCountry "GER"]
[BlackTeamCountry "GER"]

1. d4 e6 2. c4 d5 3. Nc3 c6 4. e3 Nf6 5. Nf3 Nbd7 6. Bd3 dxc4 7. Bxc4 b5 8. Bd3 a6 9. 0-0 Bb7 10. Qe2 c5 11. b3 Rc8 12. Bb2 Bd6 13. Rfd1 Qe7 14. Rac1 0-0 15. e4 cxd4 16. Nxd4 Ne5 17. Bb1 Bc5 18. h3 Ng6 19. g3 Rfd8 20. Nf3 Nh5 21. Kh2 Qc7 22. Rxd8+ Qxd8 23. Nd1 Bxf2 24. Nxf2 Rxc1 25. Bxc1 Qc7 26. Qe3 Qxg3+ 27. Kh1 f5 28. Ne1 Qc7 29. Bd2 Ng3+ 30. Kg1 Nf4 31. Bd3 Nxd3 32. Nexd3 Nxe4 33. Nxe4 Bxe4 34. Nc5 f4 35. Qxe4 Qxc5+ 36. Kg2 Qg5+ 37. Kf1 Qh6 38. h4 g5 39. hxg5 Qh3+ 40. Ke1 f3 41. Be3 Qh1+ 42. Kd2 Qh2+ 43. Kc3 Qc7+ 44. Kb2 Qh2+ 45. Kc3 Qc7+ 46. Kd3 Qf7 47. Bf4 f2 48. Ke2 Qh5+ 49. Kxf2 Qh4+ 50. Ke2 Kf7 51. Kd2 a5 52. Kc3 Qh3+ 53. Kd4 b4 54. Be3 Ke8 55. Kc5 Kd7 56. Kb5 Qh2 57. Bc5 Qxa2 58. Qc6+ Kd8 59. Qd6+ Kc8 60. Kb6 1-0

[Event "Oberliga Sued W 1112"]
[Site "Germany"]
[Date "2011.10.23"]
[Round "2"]
[White "Schluchter, Steffen"]
[Black "Lang, Torsten"]
[Result "0-1"]
[WhiteElo "2155"]
[BlackElo "2368"]
[PlyCount "170"]
[EventDate "2011.09.25"]
[EventType "team-tourn"]
[EventRounds "9"]
[EventCountry "GER"]
[SourceTitle "EXT 2013"]
[Source "ChessBase"]
[SourceDate "2012.11.22"]
[SourceVersion "1"]
[SourceVersionDate "2012.11.22"]
[SourceQuality "1"]
[WhiteTeam "Mutterstadt"]
[BlackTeam "Landau"]
[WhiteTeamCountry "GER"]
[BlackTeamCountry "GER"]

1. e4 g6 2. d4 Bg7 3. Nc3 d6 4. Be3 a6 5. Qd2 b5 6. a3 Bb7 7. Be2 Nd7 8. Nf3 Rc8 9. Rd1 c5 10. 0-0 cxd4 11. Nxd4 Ngf6 12. f3 0-0 13. Bh6 Qb6 14. Bxg7 Kxg7 15. Kh1 e6 16. Qe1 d5 17. exd5 Nxd5 18. Nxd5 Bxd5 19. Qg3 Nf6 20. c3 Rfd8 21. Rd2 Bc4 22. Rfd1 Rd5 23. Bd3 Bxd3 24. Rxd3 Rcd8 25. R3d2 Kg8 26. Qe1 Qc7 27. Nb3 Qc4 28. Rxd5 Rxd5 29. Rxd5 Nxd5 30. Nc1 e5 31. g3 f6 32. Kg2 Kf7 33. Qd2 e4 34. fxe4 Qxe4+ 35. Kg1 g5 36. Qe2 Qxe2 37. Nxe2 Nb6 38. b3 Ke6 39. Kf2 Kd5 40. Ke3 a5 41. Nd4 a4 42. Kd3 axb3 43. Nxb3 Nc4 44. Nd4 Ne5+ 45. Ke2 Kc4 46. Ke3 Nf7 47. h4 Nd6 48. hxg5 fxg5 49. Ne2 h6 50. g4 Kd5 51. Nd4 Nc4+ 52. Ke2 Nxa3 53. Kd3 Ke5 54. Ke3 Nc4+ 55. Kf3 Nd6 56. Ke3 Kd5 57. Kd3 Nf7 58. Nxb5 Ne5+ 59. Ke2 Nxg4 60. Kf3 Ne5+ 61. Kg3 h5 62. Nc7+ Ke4 63. Ne6 Kf5 64. Nd4+ Kf6 65. Kh3 Nc4 66. Kg3 Nd2 67. Kh3 Ke5 68. Ne2 Ne4 69. c4 Kf6 70. Nc1 Nc5 71. Ne2 Kg6 72. Ng3 h4 73. Ne2 Kh5 74. Kh2 g4 75. Kg2 Kg5 76. Nc3 h3+ 77. Kg3 Kf5 78. Nd5 Ne4+ 79. Kh2 Ke5 80. Ne3 Kf4 81. Nf1 Kf3 82. c5 Nxc5 83. Ng3 Ne4 84. Nh1 Kf4 85. Kg1 g3 0-1

[Event "Oberliga Sued W 1011"]
[Site "Germany"]
[Date "2011.02.27"]
[Round "7.8"]
[White "Schluchter, Steffen"]
[Black "Martin, Mike"]
[Result "1/2-1/2"]
[WhiteElo "2068"]
[BlackElo "2033"]
[PlyCount "22"]
[EventDate "2010.10.10"]
[EventType "team-tourn"]
[EventRounds "9"]
[EventCountry "GER"]
[SourceTitle "EXT 2012"]
[Source "ChessBase"]
[SourceDate "2011.11.24"]
[SourceVersion "1"]
[SourceVersionDate "2011.11.24"]
[SourceQuality "1"]
[WhiteTeam "Mutterstadt"]
[BlackTeam "Worms"]
[WhiteTeamCountry "GER"]
[BlackTeamCountry "GER"]

1. c4 f5 2. d4 g6 3. g3 Nf6 4. Bg2 Bg7 5. Nc3 d6 6. Nf3 0-0 7. 0-0 Qe8 8. b3 c6 9. Qc2 a5 10. Bb2 Na6 11. Rad1 Bd7 1/2-1/2

[Event "Oberliga Sued W 0910"]
[Site "Germany"]
[Date "2010.01.24"]
[Round "5.5"]
[White "Erdmann, Stefan"]
[Black "Schluchter, Steffen"]
[Result "1-0"]
[WhiteElo "2199"]
[BlackElo "2153"]
[PlyCount "85"]
[EventDate "2009.10.18"]
[EventType "team-tourn"]
[EventRounds "9"]
[EventCountry "GER"]
[SourceTitle "EXT 2011"]
[Source "ChessBase"]
[SourceDate "2010.11.26"]
[SourceVersion "1"]
[SourceVersionDate "2010.11.26"]
[SourceQuality "1"]
[WhiteTeam "Ludwigshafen"]
[BlackTeam "Mutterstadt"]
[WhiteTeamCountry "GER"]
[BlackTeamCountry "GER"]

1. d4 Nf6 2. c4 e6 3. Nf3 d5 4. g3 c6 5. Qc2 Be7 6. Bg2 0-0 7. 0-0 Ne4 8. Nbd2 f5 9. Ne5 Nxd2 10. Bxd2 Nd7 11. Bf4 Nxe5 12. Bxe5 Bf6 13. Bxf6 Rxf6 14. e3 g5 15. cxd5 exd5 16. b4 f4 17. exf4 gxf4 18. Qb3 Qf8 19. Rfe1 Kh8 20. Re5 Bd7 21. Rae1 Re8 22. b5 Rxe5 23. Rxe5 f3 24. Bf1 Re6 25. Rxe6 Bxe6 26. bxc6 bxc6 27. Qb7 c5 28. Qc6 Qf7 29. Qxc5 Kg7 30. Qd6 Bf5 31. Qe5+ Kf8 32. Qh8+ Ke7 33. Qb8 Ke6 34. Bb5 Kf6 35. Qe5+ Kg5 36. Qf4+ Kg6 37. Qxf3 Qe6 38. Qe3 Qb6 39. Be8+ Kg7 40. Qe7+ Kh6 41. Qf8+ Kg5 42. f4+ Kg4 43. Bh5+ 1-0

[Event "Oberliga Sued W 0910"]
[Site "Germany"]
[Date "2009.10.18"]
[Round "1.4"]
[White "Schluchter, Steffen"]
[Black "Biegler, Helmut"]
[Result "1/2-1/2"]
[WhiteElo "2153"]
[BlackElo "2110"]
[PlyCount "87"]
[EventDate "2009.10.18"]
[EventType "team-tourn"]
[EventRounds "9"]
[EventCountry "GER"]
[SourceTitle "EXT 2011"]
[Source "ChessBase"]
[SourceDate "2010.11.26"]
[SourceVersion "1"]
[SourceVersionDate "2010.11.26"]
[SourceQuality "1"]
[WhiteTeam "Mutterstadt"]
[BlackTeam "Illingen"]
[WhiteTeamCountry "GER"]
[BlackTeamCountry "GER"]

1. c4 g6 2. Nc3 Bg7 3. g3 Nc6 4. Bg2 d6 5. Nf3 e5 6. 0-0 Be6 7. d3 h6 8. Bd2 Qd7 9. Nd5 Nce7 10. Nxe7 Nxe7 11. Bc3 c5 12. b4 cxb4 13. Bxb4 0-0 14. Rb1 Rfc8 15. Nd2 Nc6 16. Ne4 Nxb4 17. Rxb4 Rab8 18. Nc3 Bf8 19. Qb3 b6 20. Rb5 Qd8 21. Qb2 Bg7 22. Rb1 Kh7 23. a4 f5 24. e4 Bd7 25. Rb3 Rc5 26. Ra3 Ra5 27. Nb5 Be6 28. Nc3 f4 29. Rb3 Bd7 30. Ra1 g5 31. Qd2 Qf8 32. f3 h5 33. Ra2 g4 34. Qf2 Bh6 35. Nd5 Qf7 36. gxf4 exf4 37. d4 Rg8 38. Kh1 g3 39. Qe1 gxh2 40. e5 Re8 41. Rb1 Bg5 42. Nc7 Re7 43. Nd5 Re8 44. Nc7 1/2-1/2